| 000 | 01028nam a22002417a 4500 | ||
|---|---|---|---|
| 999 |
_c16884 _d16884 |
||
| 005 | 20251125232849.0 | ||
| 008 | s2533 th tha d | ||
| 020 | _a9748564592 | ||
| 040 | _aNALT | ||
| 041 | _atha | ||
| 245 | 1 | 0 | _aประมวลกฎหมาย ระเบียบ คำสั่ง ว่าด้วยอนุสัญญาภาษีซ้อน |
| 260 | 3 |
_aกรุงเทพฯ : _bธรรมนิติ, _c2533 |
|
| 300 |
_a150 หน้า : _b ตาราง ; _c 30 ซม. |
||
| 650 | 0 | 4 | _aภาษีซ้อน |
| 650 | 0 | 4 | _aภาษีซ้อน -- คำถามและคำตอบ |
| 650 | 0 | 4 | _aภาษีซ้อน -- คำพิพากษาศาลฎีกา |
| 650 | 0 | 4 | _aอนุสัญญาภาษีซ้อน |
| 850 | _aNALT | ||
| 856 | 4 | 0 |
_uhttps://hdl.handle.net/20.500.14156/302217 _71 |
| 942 |
_cLB _2lcc _02 |
||
| 998 |
_j25 _k นีลวัสน์ อินทรักษา |
||
| 090 | _aKI47 ธ339ป 2533 | ||